[Event "Stay Safe Play From Home 362"]
[Site "Emanuel Lasker Arena"]
[Date "2020.08.06"]
[Round "7"]
[White "Eidgenosse"]
[Black "SelamiSahin"]
[Result "0-1"]
[WhiteElo "2498"]
[BlackElo "2130"]
[Annotator "TA"]
[PlyCount "142"]
[EventDate "2020.08.06"]
[EventType "swiss (blitz)"]

{[%evp 13,141,0,12,1,11,10,11,4,11,-2,8,-3,31,0,41,-22,-12,-18,-5,-12,0,-17,-20,-22,0,0,11,8,14,10,19,19,19,18,48,15,16,-3,-2,-7,0,1,8,8,42,39,46,43,40,28,54,23,50,53,58,58,72,68,77,75,93,58,235,92,84,3,142,101,342,308,298,75,68,76,144,154,227,188,209,223,450,450,563,561,502,392,540,92,92,-8,29975,-8,-8,-8,-8,-29981,-29982,-29982,-29983,-29985,-29986,-29986,-29987,-29987,-29988,-29991,-29990,-29990,-29990,-29994,-29991,-29991,-29992,-29995,-29993,-29994,-29995,-29996,-29997,-29997,-29998,-29998,-29997,-29997,-29998,-29998,-29998,-29998,-29999,-29999]} 1. Nf3 c6 2. g3 d5 3. Bg2 Nf6 4. O-O Bf5 5. d3 e6 6. Nbd2 h6 7. Re1 Be7 8. b3 {8.b3 scores better than 8.e4. A07: Réti Opening: New York and Capablanca Systems.} Nbd7 9. Bb2 O-O 10. a3 {The position is equal.} Bh7 11. Rc1 Qb6 12. c4 {[#]} Rac8 $146 ({Predecessor:} 12... e5 13. e4 dxe4 14. dxe4 Nc5 15. Nxe5 Rad8 16. Qc2 Rxd2 17. Qxd2 Nxb3 18. Qc3 Nxc1 19. Rxc1 {½-½ (26) Ozenir,E (2285)-Gallevci,Y (2186) Antalya 2020}) 13. Qc2 Rfd8 14. Qb1 (14. cxd5 $14 exd5 15. Bh3) 14... a5 15. Qa1 Ne8 16. Rf1 (16. Bh3 {looks sharper.} Bg6 17. Bc3 Qa6 18. Bg2 Nef6 19. Ne5) 16... Nef6 (16... Bf8 {keeps more tension.} 17. cxd5 exd5 18. Bh3 Nc7 19. Rfe1 Ne6) 17. Ne5 Nxe5 18. Bxe5 Qa7 19. Bd4 Qa6 20. c5 Ne8 21. b4 Bf6 22. Nf3 Bxd4 23. Nxd4 Nf6 24. h3 Re8 25. Nf3 Nd7 26. Ne5 Nxe5 27. Qxe5 axb4 28. axb4 Qa8 (28... Qb5 {with more complications.} 29. Qc3 b6 30. Ra1 Rb8 31. Rfb1 Bg6) 29. Ra1 $36 {[%mdl 2048] White has the initiative.} Qb8 30. Qxb8 Rxb8 31. Ra7 e5 32. Rfa1 e4 33. d4 Bf5 34. e3 g5 35. Bf1 Kg7 36. b5 Bd7 37. Kg2 f5 $2 {[#]} (37... h5 $14) 38. bxc6 (38. R1a6 $1 $18 {[%mdl 512]} Rec8 (38... bxa6 39. bxc6) 39. Rb6) 38... Bxc6 $16 39. Rb1 ({White should try} 39. R1a6 $16 {Rxc6 is the strong threat.} Kf8 40. Rb6) 39... Rec8 (39... Ra8 $11 {remains equal.} 40. Rxa8 Rxa8) 40. Bb5 {aiming for Bxc6.} Bxb5 $2 (40... Ra8 $16 {was necessary.} 41. Bxc6 Rxa7 42. Bxb7 Re8 43. Bxd5 h5) 41. Rxb5 {[%mdl 4096] Endgame KRR-KRR} Rc7 42. c6 $2 (42. Rb6 $18 {has better winning chances.}) 42... Rxc6 43. Rxd5 Kf6 ({Better is} 43... f4) 44. Raa5 b5 (44... f4 $16) 45. Raxb5 $18 ({But not} 45. Rdxb5 Rxb5 46. Rxb5 Rc2) 45... Rxb5 46. Rxb5 {KR-KR} Rd6 $2 (46... h5 47. g4 fxg4) 47. g4 fxg4 48. hxg4 Re6 49. Rf5+ Kg6 {If Black can now play ...h5 this consolidates a bit.} 50. Kg3 $2 (50. Re5 $18 Rb6 51. Rxe4) 50... h5 $16 51. Re5 (51. Rb5 $16 {Hoping for gxh5+.} h4+ 52. Kg2) 51... Rxe5 $4 {[%mdl 8192]} (51... h4+ $11 52. Kg2 Rxe5 53. dxe5 Kg7) 52. dxe5 $2 $11 {KP-KP} (52. gxh5+ {mates} Kh6 53. dxe5 Kxh5 54. f4 exf3 55. Kxf3 Kg6 56. Kg4 Kh6 57. Kf5) 52... h4+ 53. Kg2 Kf7 54. f4 $2 {[%mdl 8192] [#] White is now going downhill.} (54. f3 $11) 54... gxf4 $1 {Black mates.} ({Not} 54... exf3+ 55. Kxf3 Ke7 56. Kg2 $15) 55. exf4 {K3P-KPP} Ke6 56. Kf2 h3 57. g5 {[#]} e3+ $1 {[%mdl 512]} 58. Kf3 (58. Kxe3 h2) 58... h2 59. f5+ Kxf5 60. g6 Kxg6 {KPP-KP} 61. Kf4 Kf7 62. e6+ Kxe6 {KP-KP} 63. Ke4 h1=Q+ 64. Kd3 Qf3 65. Kc4 e2 66. Kb4 e1=Q+ 67. Kb5 Qfe2+ 68. Kb6 Q1d1 69. Kb7 Qec2 70. Kb8 Qdb1+ 71. Ka8 Qca2# {Accuracy: White = 58%, Black = 55%.} 0-1

[Event "Stay Safe Play From Home 362"]
[Site "Emanuel Lasker Arena"]
[Date "2020.08.06"]
[Round "7"]
[White "Uber_WING"]
[Black "Gokerkan"]
[Result "0-1"]
[WhiteElo "2468"]
[BlackElo "2578"]
[Annotator "TA"]
[PlyCount "172"]
[EventDate "2020.08.06"]
[EventType "swiss (blitz)"]

{[%evp 14,172,9,-13,0,-13,-22,-26,-23,-19,21,0,31,0,20,7,25,0,34,23,60,18,75,54,113,113,102,70,57,36,49,0,45,0,0,-43,0,0,18,10,35,20,45,52,86,10,25,0,0,-249,-18,-16,-12,-20,0,-59,-54,-163,-162,-183,-72,-193,-183,-222,-220,-179,-26,-26,0,0,0,-26,0,0,0,0,0,0,0,0,0,0,0,0,0,0,0,0,0,-505,0,0,0,0,0,0,0,0,0,0,0,0,0,0,0,0,0,0,0,-955,-957,-914,-37,-28,-11,-952,-974,-920,-888,-894,-874,-1940,-819,-1242,-470,-29979,-5084,-6105,0,-29979,-1530,-29983,-29984,-29986,-29980,-29980,-29981,-29986,-29978,-29987,-29988,-29989,-29978,-29979,-8,-29996,-29997,-29997,-29996,-29996,-29996,-29996,-29996,-29996,-29996,-29997,-29996,-29997,-29996,-29996,-29996]} 1. e4 c5 2. Nc3 d6 3. g3 g6 4. Bg2 Bg7 5. d3 Nc6 6. Be3 Rb8 7. Qd2 b5 8. a3 a5 {B26: Closed Sicilian: 3 g3, lines with early Be3.} 9. f4 b4 10. axb4 axb4 {Black has an edge.} 11. Nd1 {[#]} e5 $146 ({Predecessor:} 11... Nd4 12. Nf3 Nh6 13. h3 f5 14. Ng5 Qb6 15. O-O b3 16. c3 Nc2 17. Rb1 O-O 18. exf5 Nxf5 {0-1 (40) Meunier,C (2269)-Girardon,J (2160) Agen 2017}) 12. Nf3 Nge7 13. O-O exf4 14. Bxf4 O-O 15. h3 f5 16. exf5 Nxf5 17. c3 (17. Ng5 $5 {[%cal Rg2c6]} Nce7 18. Qe1 $11) 17... bxc3 (17... Ne5 $11) 18. bxc3 $16 h6 (18... Rb6 $14) 19. g4 $1 {[%cal Rg4f5]} g5 20. Bh2 Nfe7 21. Ne3 Be6 22. Ra6 Qd7 23. Rfa1 Rb3 24. Rc1 Rfb8 25. Nc4 Bxc4 26. dxc4 Rb1 $1 27. Ra1 Rxa1 28. Rxa1 Rd8 29. Rd1 (29. Qe3 $1 $16) 29... Qe6 $11 30. Bf1 Rf8 $36 {[%mdl 2048] Black has good play.} 31. Qg2 $2 (31. Qd3 $11) 31... Ne5 $2 ({Less strong is} 31... Bxc3 32. Kh1 $17) (31... Qe3+ $19 32. Qf2 Rxf3 33. Qxe3 Rxe3 34. Bxd6 Rxc3 35. Bxc5 Kf7) 32. Nxe5 Bxe5 33. Bxe5 dxe5 34. Be2 (34. Qd2 $11) 34... e4 $15 35. Rf1 (35. Qg3 $15) 35... Rxf1+ $1 $19 36. Qxf1 Kg7 (36... Qe5 $19 37. Qf2 Qxc3) 37. Qg2 (37. Qf2 $17 {is a better defense.}) 37... Qe5 $1 38. Qf2 e3 $1 {[%cal Re3f2]} ({Resist} 38... Qxc3 39. Qxc5 Qg3+ 40. Kf1 $17) 39. Qf3 Ng6 $2 ({Black should try} 39... Qxc3 $19 {With the idea ...Nc6!} 40. Kg2 Qd2) 40. Qb7+ $1 $11 Qe7 41. Qxe7+ Nxe7 {[%mdl 4096] Endgame KB-KN} 42. Kg2 Kg8 43. Kf3 Kf7 44. Kxe3 Ke6 45. Bf3 Ke5 46. Ba8 Ng6 47. Bg2 Nf4 48. Bf1 Ne6 49. Kf3 Nf8 50. Ke3 Ng6 51. Kd3 $2 {[%mdl 8192]} (51. Be2 $11 {and White has nothing to worry.}) 51... Nh4 $2 (51... Kf4 $1 $19 {Hoping for ...Kg3.} 52. Be2 Ne5+ 53. Kc2 Ke3) 52. Kc2 Kf4 53. Kb3 $1 Nf3 {aiming for ...Nd2+.} 54. Ka4 {And now Kb5 would win.} Nd2 55. Bd3 {Strongly threatening Kb5.} Ke5 56. Kb5 Kd6 57. Bh7 Nf3 58. Bg6 Ne5 59. Bf5 Nf3 60. Ka4 Ng1 61. Kb3 $2 {[%mdl 8192]} (61. Be4 $11) 61... Nxh3 $19 62. Kc2 {[#]} Nf4 $2 (62... Ke5 $1 $19 {[%cal Re5f4]} 63. Bc8 Nf2) 63. Kd2 $15 h5 64. Ke3 $2 {[%mdl 8192] Black continues to play with concentration.} (64. gxh5 $11 Nxh5 65. Ke3) 64... h4 $19 65. Be4 Ke5 66. Bh1 Ne6 67. Kf3 Nd8 (67... Nf8 $142 68. Ke3 Nd7) 68. Ke3 Nf7 69. Kd3 (69. Bg2 $19 Nd6 70. Bd5) 69... Nd6 (69... Kf4 $142 70. Kc2 Ne5 71. Kb3 Nxg4 72. Kb2 Ne3 73. Kb1 h3 74. Kc1 g4 75. Bc6 g3 76. Kb2 g2 77. Kb3 g1=Q 78. Ka4 Qb1 79. Be8 Qb6 80. Bh5 h2 81. Bf3 Kxf3 82. Ka3 Nd1 83. Ka4 Nxc3+ 84. Ka3 Qb4#) 70. Bg2 Nf7 $2 ({Black should play} 70... Kf4 $19 71. Ke2 Nxc4) 71. Bh3 $2 {[%mdl 8192]} (71. Bh1 $11 Kf4 72. Kd2) 71... Nh6 (71... Kf4 $142 72. Bg2 Ne5+ 73. Ke2 Nxg4 74. Ke1 {[#]} Ne3 $1 {[%mdl 512]} 75. Ba8 h3 76. Kd2 h2 77. Kc1 g4 78. Kb2 g3 79. Kb3 g2 80. Bxg2 Nxg2 81. Ka4 h1=Q 82. Kb5 Ne1 83. Kb6 Nd3 84. Ka7 Qc6 85. Kb8 Ne5 86. Ka7 Nxc4 87. Kb8 Na5 88. Ka7 Qb7#) 72. Bg2 Nxg4 73. Bh1 Nf6 74. Ke3 g4 75. Kf2 g3+ 76. Kg2 Ne4 77. Kh3 Nxc3 78. Kxh4 g2 $2 (78... Ne4 {mates} 79. Bg2 Kf4 80. Kh5 Nf6+ 81. Kg6 Ng4 82. Bd5 Ne5+ 83. Kf6 Nf3 84. Ke6 g2 85. Kd6 g1=Q 86. Be6 Qd4+ 87. Bd5 Ne5 88. Kc7 Nxc4 89. Bg2 Ne5 90. Bh3 c4 91. Be6 c3 92. Bb3 Qd7+ 93. Kb6 Qc6+ 94. Ka5 Nd7 95. Bd1 Qb6+ 96. Ka4 Nc5+ 97. Ka3 Qb2#) 79. Kg3 $2 {[%mdl 8192]} (79. Bxg2 $11 Nd1 80. Kg3) 79... gxh1=Q {Black mates.} 80. Kf2 Qe4 81. Kg3 Qd4 82. Kh2 Qxc4 83. Kg1 Qe4 84. Kh2 Nd5 85. Kg1 Ne7 86. Kh2 Qe3 {Accuracy: White = 53%, Black = 57%.} 0-1

[Event "Stay Safe Play From Home 362"]
[Site "Emanuel Lasker Arena"]
[Date "2020.08.06"]
[Round "7"]
[White "Sfantul321"]
[Black "NTBT_DHS"]
[Result "0-1"]
[WhiteElo "1985"]
[BlackElo "2560"]
[Annotator "NA RC"]
[PlyCount "100"]
[EventDate "2020.08.06"]
[EventType "swiss (blitz)"]

1. c4 {[%emt 0:00:02]} g6 {[%emt 0:00:00]} 2. Nc3 {[%emt 0:00:00]} Bg7 {[%emt 0:00:00]} 3. g3 {[%emt 0:00:00]} Nf6 {[%emt 0:00:00]} 4. Bg2 {[%emt 0:00:00]} O-O {[%emt 0:00:00]} 5. e3 {[%emt 0:00:00]} d6 {[%emt 0:00:00]} 6. Nge2 {[%emt 0:00:00]} Nc6 {[%emt 0:00:00]} 7. O-O {[%emt 0:00:00]} Bf5 {[%emt 0:00:00]} 8. d3 {[%emt 0:00:00]} e5 {[%emt 0:00:01]} 9. h3 {[%emt 0:00:00]} Qd7 {[%emt 0:00:01]} 10. Kh2 {[%emt 0:00:01]} h5 {[%emt 0:00:01]} 11. e4 {[%emt 0:00:01]} Be6 {[%emt 0:00:01]} 12. f4 {[%emt 0:00:01]} Nd4 {[%emt 0:00:02]} 13. f5 {[%emt 0:00:01]} gxf5 {[%emt 0:00:01]} 14. Nxd4 {[%emt 0:00:01]} exd4 {[%emt 0:00:01]} 15. exf5 {[%emt 0:00:01]} dxc3 {[%emt 0:00:01]} 16. fxe6 {[%emt 0:00:01]} fxe6 {[%emt 0:00:00]} 17. bxc3 {[%emt 0:00:01]} c6 {[%emt 0:00:02]} 18. Bg5 {[%emt 0:00:02]} Nh7 {[%emt 0:00:01]} 19. Qxh5 {[%emt 0:00:02]} Bxc3 {[%emt 0:00:03]} 20. Rad1 {[%emt 0:00:02]} Bd4 {[%emt 0:00:02]} 21. Be4 {[%emt 0:00:02]} Nxg5 {[%emt 0:00:02]} 22. Qxg5+ {[%emt 0:00:01]} Qg7 {[%emt 0:00:00]} 23. Qh5 {[%emt 0:00:02]} Be5 {[%emt 0:00:02]} 24. Qg6 {[%emt 0:00:03]} Qxg6 {[%emt 0:00:01]} 25. Bxg6 {[%emt 0:00:01]} Kg7 {[%emt 0:00:00]} 26. Be4 {[%emt 0:00:01]} d5 {[%emt 0:00:00]} 27. cxd5 {[%emt 0:00:01]} exd5 {[%emt 0:00:00]} 28. Bg2 {[%emt 0:00:02]} Kh6 {[%emt 0:00:02]} 29. Rxf8 {[%emt 0:00:01]} Rxf8 {[%emt 0:00:00]} 30. Rf1 {[%emt 0:00:02]} Rg8 {[%emt 0:00:01]} 31. Rf3 {[%emt 0:00:01]} Rg7 {[%emt 0:00:01]} 32. h4 {[%emt 0:00:01]} a5 {[%emt 0:00:02]} 33. Kh3 {[%emt 0:00:01]} a4 {[%emt 0:00:00]} 34. d4 {[%emt 0:00:02]} Bxd4 {[%emt 0:00:02]} 35. Rf4 {[%emt 0:00:01]} Be5 {[%emt 0:00:01]} 36. Rg4 {[%emt 0:00:01]} b5 {[%emt 0:00:02]} 37. Rxg7 {[%emt 0:00:01]} Kxg7 {[%emt 0:00:00]} 38. Kg4 {[%emt 0:00:00]} Kf6 {[%emt 0:00:01]} 39. h5 {[%emt 0:00:01]} Ke6 {[%emt 0:00:00]} 40. h6 {[%emt 0:00:01]} b4 {[%emt 0:00:00]} 41. Bf1 {[%emt 0:00:02]} c5 {[%emt 0:00:01]} 42. Bb5 {[%emt 0:00:03]} a3 {[%emt 0:00:01]} 43. Bd3 {[%emt 0:00:02]} b3 {[%emt 0:00:01]} 44. Bb1 {[%emt 0:00:02]} c4 {[%emt 0:00:00]} 45. h7 {[%emt 0:00:01]} c3 {[%emt 0:00:00]} 46. axb3 {[%emt 0:00:01]} a2 {[%emt 0:00:02]} 47. Bxa2 {[%emt 0:00:01]} c2 {[%emt 0:00:00]} 48. h8=Q {[%emt 0:00:01]} Bxh8 {[%emt 0:00:01]} 49. b4 {[%emt 0:00:01]} c1=Q {[%emt 0:00:00]} 50. Bxd5+ {[%emt 0:00:01]} Kxd5 {[%emt 0:00:01] Sfantul321 resigns Sfantul321 resigns Sfantul321 resigns Sfantul321 resigns Sfantul321 resigns (Lag: Av=0.66s, max=1.6s) (Lag: Av=0.66s, max=1.6s) (Lag: Av=0.66s, max=1.6s) (Lag: Av=0.66s, max=1.6s) (Lag: Av=0.66s, max=1.6s)} 0-1

[Event "Stay Safe Play From Home 362"]
[Site "Emanuel Lasker Arena"]
[Date "2020.08.06"]
[Round "7"]
[White "Greblha"]
[Black "Stefanone"]
[Result "1-0"]
[WhiteElo "1928"]
[BlackElo "1968"]
[Annotator "TA"]
[PlyCount "65"]
[EventDate "2020.08.06"]
[EventType "swiss (blitz)"]

{[%evp 9,64,3,27,27,51,13,43,35,34,20,13,12,56,9,12,9,16,12,21,-4,0,0,0,0,19,18,18,17,21,8,34,22,46,42,52,31,92,27,76,0,39,-51,108,63,144,139,790,813,804,793,2319,1766,838,823,29994,29995,29999]} 1. e4 e6 2. Qe2 d5 3. exd5 Qxd5 4. Nc3 Qd8 5. g3 Nf6 6. Bg2 {C00: French: Unusual White 2nd moves.} c6 {[#]} 7. Nh3 $146 ({Predecessor:} 7. Nf3 Nbd7 8. d4 Be7 9. O-O O-O 10. a3 Qc7 11. Re1 Nb6 12. Ne4 Nxe4 13. Qxe4 {1-0 (97) Ismail,H (2012)-Ben Moussa,R (1688) Sousse 2019}) 7... b6 8. O-O {White is slightly better.} Bb7 9. d3 Nbd7 10. Bf4 {Hoping for Nb5!} Bc5 11. Ne4 (11. d4 {with more complications.} Be7 12. Nb5 O-O 13. c4 Ne8 14. Rad1) 11... Nxe4 12. Bxe4 Nf6 13. Bg2 O-O 14. Bg5 Be7 15. Nf4 Nd5 16. Nxd5 cxd5 17. Bxe7 Qxe7 18. d4 Qf6 19. c3 Rac8 20. Rae1 Qd8 21. f4 Rc7 22. Qh5 Qf6 ({Better is} 22... g6 $14 23. Qe2 Qc8) 23. Re5 (23. f5 $16) 23... Qg6 24. Qh3 (24. Qe2 $16) 24... h6 25. Rh5 (25. f5 $14 exf5 26. Qxf5 (26. Bxd5 Bxd5 27. Rxd5 f4 $11)) 25... Rc4 $2 {[#]} (25... Qc2 $15 {keeps the upper hand.} 26. Rf2 Qc1+ 27. Bf1 Ba6) 26. g4 b5 (26... f6 $14) 27. g5 $16 {[%cal Rg5h6]} Bc8 $2 {[%mdl 8192] Loses the game.} (27... Qh7 $16 28. a3 (28. gxh6 g6 $16) 28... Kh8 29. gxh6 g6) 28. gxh6 $18 e5 29. f5 Qf6 30. hxg7 Qxg7 31. Rf3 {White wants to mate with Rg3!} exd4 {[#]} 32. Rg3 $1 {[%csl Gh3][%cal Rh5h8][%mdl 576] Discovered Attack} d3 33. Rh8# {Accuracy: White = 66%, Black = 41%.} 1-0

[Event "Stay Safe Play From Home 362"]
[Site "Emanuel Lasker Arena"]
[Date "2020.08.06"]
[Round "7"]
[White "Haris kollari 13"]
[Black "Buzaglo"]
[Result "1-0"]
[WhiteElo "1690"]
[BlackElo "1839"]
[Annotator "NA RC"]
[PlyCount "71"]
[EventDate "2020.08.06"]
[EventType "swiss (blitz)"]

1. e4 {[%emt 0:00:01]} e6 {[%emt 0:00:00]} 2. f4 {[%emt 0:00:01]} d5 {[%emt 0:00:00]} 3. e5 {[%emt 0:00:01]} c5 {[%emt 0:00:00]} 4. d4 {[%emt 0:00:01]} Nc6 {[%emt 0:00:00]} 5. c3 {[%emt 0:00:01]} cxd4 {[%emt 0:00:01]} 6. cxd4 {[%emt 0:00:01]} Bb4+ {[%emt 0:00:00]} 7. Nc3 {[%emt 0:00:02]} Nge7 {[%emt 0:00:02]} 8. a3 {[%emt 0:00:01]} Ba5 {[%emt 0:00:02]} 9. b4 {[%emt 0:00:01]} Bb6 {[%emt 0:00:01]} 10. Nf3 {[%emt 0:00:00]} Bd7 {[%emt 0:00:01]} 11. Be3 {[%emt 0:00:01]} a5 {[%emt 0:00:01]} 12. b5 {[%emt 0:00:01]} Nb8 {[%emt 0:00:02]} 13. a4 {[%emt 0:00:01]} O-O {[%emt 0:00:02]} 14. Bd3 {[%emt 0:00:01]} Nf5 {[%emt 0:00:01]} 15. Bf2 {[%emt 0:00:01]} Bxd4 {[%emt 0:00:03]} 16. Nxd4 {[%emt 0:00:02]} Nxd4 {[%emt 0:00:00]} 17. Bxd4 {[%emt 0:00:01]} f5 {[%emt 0:00:02]} 18. exf6 {[%emt 0:00:02]} gxf6 {[%emt 0:00:02]} 19. Qh5 {[%emt 0:00:01]} f5 {[%emt 0:00:01]} 20. O-O {[%emt 0:00:04]} Qe7 {[%emt 0:00:01]} 21. Rac1 {[%emt 0:00:04]} Be8 {[%emt 0:00:01]} 22. Qh3 {[%emt 0:00:02]} Bg6 {[%emt 0:00:01]} 23. Ne2 {[%emt 0:00:06]} Nd7 {[%emt 0:00:00]} 24. Qg3 {[%emt 0:00:01]} Nf6 {[%emt 0:00:00]} 25. Be5 {[%emt 0:00:01]} Ne4 {[%emt 0:00:01]} 26. Bxe4 {[%emt 0:00:01]} fxe4 {[%emt 0:00:02]} 27. Nd4 {[%emt 0:00:01]} Rac8 {[%emt 0:00:02]} 28. f5 {[%emt 0:00:01]} exf5 {[%emt 0:00:01]} 29. Rxc8 {[%emt 0:00:02]} Rxc8 {[%emt 0:00:04]} 30. Nxf5 {[%emt 0:00:01]} Qc5+ {[%emt 0:00:02]} 31. Bd4 {[%emt 0:00:06]} Qf8 {[%emt 0:00:03]} 32. Nd6 {[%emt 0:00:02]} Qxd6 {[%emt 0:00:01]} 33. Qxd6 {[%emt 0:00:01]} Re8 {[%emt 0:00:01]} 34. Qd7 {[%emt 0:00:01]} Re7 {[%emt 0:00:08]} 35. Qxe7 {[%emt 0:00:02]} Bf7 {[%emt 0:00:00]} 36. Qxf7# {[%emt 0:00:01] (Lag: Av=0.53s, max=1.1s) (Lag: Av=0.53s, max=1.1s) (Lag: Av=0.53s, max=1.1s) (Lag: Av=0.53s, max=1.1s) (Lag: Av=0.53s, max=1.1s)} 1-0

[Event "Stay Safe Play From Home 362"]
[Site "Emanuel Lasker Arena"]
[Date "2020.08.06"]
[Round "7"]
[White "Klasman"]
[Black "Ao017545"]
[Result "0-1"]
[WhiteElo "1406"]
[BlackElo "1564"]
[Annotator "NA RC"]
[PlyCount "58"]
[EventDate "2020.08.06"]
[EventType "swiss (blitz)"]

1. f4 {[%emt 0:00:02]} e5 {[%emt 0:00:01]} 2. fxe5 {[%emt 0:00:02]} d6 {[%emt 0:00:01]} 3. Nf3 {[%emt 0:00:01]} dxe5 {[%emt 0:00:01]} 4. e4 {[%emt 0:00:01]} Bc5 {[%emt 0:00:04]} 5. b4 {[%emt 0:00:03]} Bd4 {[%emt 0:00:02]} 6. c3 {[%emt 0:00:01]} Bb6 {[%emt 0:00:02]} 7. Bc4 {[%emt 0:00:02]} Nf6 {[%emt 0:00:02]} 8. d3 {[%emt 0:00:06]} Bg4 {[%emt 0:00:01]} 9. Bg5 {[%emt 0:00:05]} h6 {[%emt 0:00:03]} 10. Bxf6 {[%emt 0:00:03]} Qxf6 {[%emt 0:00:03]} 11. Nbd2 {[%emt 0:00:04]} Qg5 {[%emt 0:00:01]} 12. Qa4+ {[%emt 0:00:04]} Bd7 {[%emt 0:00:04]} 13. Qxd7+ {[%emt 0:00:02]} Nxd7 {[%emt 0:00:02]} 14. Nxg5 {[%emt 0:00:01]} hxg5 {[%emt 0:00:00]} 15. Nf3 {[%emt 0:00:02]} f6 {[%emt 0:00:02]} 16. h3 {[%emt 0:00:01]} O-O-O {[%emt 0:00:01]} 17. O-O-O {[%emt 0:00:01]} Be3+ {[%emt 0:00:01]} 18. Kc2 {[%emt 0:00:02]} Nb6 {[%emt 0:00:01]} 19. Be6+ {[%emt 0:00:01]} Kb8 {[%emt 0:00:02]} 20. c4 {[%emt 0:00:03]} Na4 {[%emt 0:00:06]} 21. Kb3 {[%emt 0:00:02]} Nb6 {[%emt 0:00:02]} 22. Bf5 {[%emt 0:00:02]} Rd6 {[%emt 0:00:02]} 23. c5 {[%emt 0:00:01]} Rd4 {[%emt 0:00:04]} 24. cxb6 {[%emt 0:00:01]} axb6 {[%emt 0:00:01]} 25. Nxd4 {[%emt 0:00:01]} Bxd4 {[%emt 0:00:01]} 26. Rc1 {[%emt 0:00:02]} Rh4 {[%emt 0:00:00]} 27. Rc4 {[%emt 0:00:01]} Rh8 {[%emt 0:00:00]} 28. Rhc1 {[%emt 0:00:02]} Rc8 {[%emt 0:00:02]} 29. Bxc8 {[%emt 0:00:02]} Kxc8 {[%emt 0:00:02] Time Time Time Time Time (Lag: Av=0.66s, max=0.9s) (Lag: Av=0.66s, max=0.9s) (Lag: Av=0.66s, max=0.9s) (Lag: Av=0.66s, max=0.9s) (Lag: Av=0.66s, max=0.9s)} 0-1

[Event "Stay Safe Play From Home 362"]
[Site "Emanuel Lasker Arena"]
[Date "2020.08.06"]
[Round "8"]
[White "NTBT_DHS"]
[Black "Uber_WING"]
[Result "1-0"]
[WhiteElo "2561"]
[BlackElo "2456"]
[Annotator "TA"]
[PlyCount "109"]
[EventDate "2020.08.06"]
[EventType "swiss (blitz)"]

{[%evp 9,109,-29,-14,-21,23,0,56,62,86,26,49,18,43,37,50,51,49,46,41,-19,-14,-109,-82,-82,17,-106,-122,-142,-144,-142,-141,-143,-129,-120,-109,-112,-24,-18,89,90,1176,20,12,22,20,0,0,0,0,0,4,0,0,-34,-20,-71,0,-38,-43,-41,43,0,0,0,0,0,7,8,29983,29984,29982,29980,29980,29981,29979,29980,29954,12791,12791,0,2418,1498,29987,29986,29986,29987,29996,29994,29994,29995,29996,29995,29995,29996,29996,29996,29996,29997,29997,29998,29998,29999]} 1. e4 d5 2. Nf3 dxe4 3. Ng5 Qd5 4. d3 exd3 5. Bxd3 {[#]} Qe5+ $146 ({Predecessor:} 5... Nf6 6. O-O Bg4 7. f3 Bf5 8. Nc3 Qd4+ 9. Kh1 Bxd3 10. cxd3 e6 11. Qb3 Qb4 {1-0 (30) Deus Filho,J (1936)-De Souza,D (1723) Florianopolis 2019}) 6. Be3 {B01: Scandinavian Defence.} h6 7. Nf3 Qd6 (7... Qxb2 $11 8. Nbd2 Nd7) 8. Nc3 $14 {[%mdl 1024] Threatens to win with Nb5. White has compensation.White is slightly better.} Nf6 9. O-O (9. Nb5 $16 Qd8 10. Ne5 (10. Nxa7 Bg4 $11)) 9... a6 10. Re1 Nc6 11. Qd2 Bg4 12. Bf4 Qd7 13. Ne5 Nxe5 14. Rxe5 (14. Bxe5 $14 Bf5 15. Rad1 Bxd3 16. Bxf6 (16. cxd3 e6 $15) (16. Qxd3 Qxd3 17. Rxd3 Rd8 $11) 16... gxf6 17. Qe3 {[%mdl 64] Pin} (17. cxd3 O-O-O $17) (17. Qxd3 Qxd3 18. Rxd3 e6 $17)) 14... e6 $11 15. Rae1 (15. h3 $11 Bh5 16. g4) 15... Bd6 16. Ra5 O-O-O (16... Bb4 $17 17. Rae5 O-O-O) 17. Bxd6 (17. Ne4 $11) 17... Qxd6 $17 18. h3 {[#]} Bf5 $1 {[%mdl 512]} 19. Qe3 (19. Bxf5 Qxd2) 19... Bxd3 20. cxd3 Qb6 21. Rc5 Nd7 ({Avoid the trap} 21... Qxb2 $2 22. Rb1 $18) 22. Na4 Qb4 ({Black should play} 22... Qd6 $17 23. Rc4 Kb8) 23. Rc4 $11 Qd6 (23... Qa5 $11 {remains equal.} 24. Rec1 Kb8) 24. Qa7 $16 Ne5 $2 {[%mdl 8192] [#]} (24... c6 $16) 25. Nb6+ $2 (25. Rxe5 $1 $18 {[%mdl 512] Nc5! would kill now.} c6 {[#]} (25... Qxe5 26. Nb6#) 26. Rec5 $1 {[%mdl 512]}) 25... Qxb6 $11 26. Qxb6 {[%csl Gc4][%cal Rb6c7]} Nxc4 27. Qb3 Nb6 28. Qc3 Rhg8 29. Rc1 {[%csl Gc1][%cal Rc3c7]} Rd7 30. a4 Kb8 31. a5 Nd5 32. Qe5 (32. Qc4 $11 {keeps the balance.}) 32... Nf6 (32... Nb4 $17 33. Rd1 Nxd3) 33. Rc3 Rgd8 34. b4 Nd5 (34... Ne8 $15) 35. Rc4 (35. Rb3 $5 {[%cal Re5g7]}) 35... g6 36. g3 h5 37. h4 Ne7 38. b5 Rd5 $2 {[%mdl 8192]} (38... axb5 $11 39. Qxb5 Rd5) 39. Qxc7+ {[%mdl 64] Double Attack} Ka8 40. bxa6 bxa6 41. Qxe7 R5d7 42. Qc5 Rb7 43. Qc6 (43. Qe3 $142 Rb5 44. Rc7 Rb7 45. Rxb7 Kxb7 46. Qb6+ {[%mdl 64] Double Attack} Kc8 47. Qxa6+ Kd7 48. Qb7+ Kd6 49. a6) 43... Ka7 $18 44. Qc5+ Ka8 $1 45. Rf4 Rdb8 {[#]} 46. Qc6 $1 {White mates.} Ka7 47. Rd4 Ka8 48. Kg2 Ka7 49. Rd6 {[%csl Gd6][%cal Rc6a6]} Ka8 50. Qxa6+ Ra7 51. Qc6+ Rab7 52. a6 {[%mdl 64] Pin} Ka7 53. axb7 Rxb7 54. Qa6+ Kb8 55. Rd8+ {Quite a comeback for White. Accuracy: White = 63%, Black = 50%.} 1-0